000 00601nam a22001817a 4500
005 20251108164012.0
008 250721s1993 xx 000 0 ara d
082 1 4 _a320.158/حمز
100 1 _aحمزة، عمر يوسف
245 1 0 _aمعالم الوحدة في طريق الأمة الإسلامية /
264 1 _aالقاهرة :
_bالدار المصرية اللبنانية،
_c1993.
300 _a144ص
650 1 7 _aالوحدة العربية
650 1 7 _aالقومية العربية
700 1 _aالسايح، أحمد عبد الرحيم
942 _2ddc
_cBK
999 _c1160
_d1160